000 00776cam a22002537a 4500
003 CHAP
005 20220329133602.0
008 971013s1992 r 00010 d
010 _a8215
011 _a9187
035 _a8421
040 _cCHAP
082 _a598.97
_bV4
100 0 0 _aVerner, Jared
_ecoord.
_9118932
245 1 4 _aThe California spotted owl
_b: a technical assessment of its current status
260 _aBerkeley, Cal. :
_bPacific Southwest Research Station,
_c1992
300 _a285 p.
_b: ilus ; gráfs.
590 _aBATCH-UPD
_b10
_c20130110
_lUCH01
_h2216
590 _aCONVERSION
_b10
_c20130109
_lUCH01
_h1306
650 1 4 _aLechuza.
_965492
901 _aBK
942 _cLIBRO
949 _a598.97 V4
_bBC
_cLIBRO
_d33724000364964
_eLIBRO
_h83582
_i8421
_mD
_si
999 _c8215
_d8215